| 000 | 00864nmc a2200301 a 4500 | ||
|---|---|---|---|
| 003 | AR-BaBNM | ||
| 005 | 20251128211819.0 | ||
| 008 | 296020s2001 ||||||||||||||000 | spa|| | ||
| 020 | _a84-344-2633-1 | ||
| 040 | _cAR-BaBNM | ||
| 100 | 1 | _aMarí Mollà, Ricard | |
| 245 | 1 | 0 |
_aDiagnóstico pedagógico _bun modelo para la intervención psicopedagógica |
| 250 | _a1ª ed. | ||
| 260 |
_aBarcelona _bEditorial Ariel _c2001 |
||
| 300 | 0 | _a291 p. | |
| 490 | 0 | _aAriel Educación | |
| 504 | _aContiene referencias bibliográficas | ||
| 650 | 4 | _aDIAGNOSTICO EDUCACIONAL | |
| 650 | 4 | _aENFOQUE INTERDISCIPLINARIO | |
| 650 | 4 | _aORIENTACION PROFESIONAL | |
| 653 | 0 | _aPSICOPEDAGOGIA | |
| 653 | 0 | _aORIENTACION EDUCATIVA | |
| 653 | 0 | _aEDUCACION EN LA DIVERSIDAD | |
| 653 | 0 | _aLOGOPEDIA | |
| 653 | 0 | _aPEDAGOGIA SOCIAL | |
| 942 | _cBK | ||
| 998 | _cme-solo cat | ||
| 999 |
_c21237 _d21237 |
||